000 00303nam a22001337a 4500
008 171006b xxu||||| |||| 00| 0 eng d
020 _a9780000088888
041 _aeng
080 _214TH
_a159.9
100 _a49
101 _aPSI
245 _aINTRODUCTION TO PSYCHOLOGY
_cSMITH,E,E
942 _2udc
_cBK
999 _c32346
_d32346